logo

Bir Sreshtho Munshi Abdur Rouf Library
Jhenaidah Cadet College

রাজনৈতিক মতবাদের ইতিহাস খণ্ড ৩ : রাশিয়া ও জার্মানি : উনিশ শতক (Record no. 2469)

MARC details
000 -LEADER
fixed length control field 00802nam a2200217 a 4500
003 - CONTROL NUMBER IDENTIFIER
JCCL marc code BD-JhCC
005 - DATE AND TIME OF LATEST TRANSACTION
control field 20171102192453.0
008 - FIXED-LENGTH DATA ELEMENTS--GENERAL INFORMATION
fixed length control field 171102s2009 bg |||| ||a| 000 0 ben d
020 ## - INTERNATIONAL STANDARD BOOK NUMBER
International Standard Book Number 9844152399
035 ## - SYSTEM CONTROL NUMBER
system control number (BD-JhCC)
040 ## - CATALOGING SOURCE
Original cataloging agency BD-JhCC
Modifying agency BD-JhCC
041 ## - LANGUAGE CODE
Language code of Book ben
082 ## - DEWEY DECIMAL CLASSIFICATION NUMBER
Classification number 320.509
Author mark and Year GER 2009
100 ## - MAIN ENTRY--PERSONAL NAME
Personal name গের্ৎসেন, আলেক্সান্দর
245 ## - TITLE STATEMENT
Title রাজনৈতিক মতবাদের ইতিহাস খণ্ড ৩ : রাশিয়া ও জার্মানি : উনিশ শতক
Statement of responsibility, etc আলেক্সান্দর গের্ৎসেন,
260 ## - PUBLICATION, DISTRIBUTION, ETC. (IMPRINT)
Place of publication, distribution, etc ঢাকা :
Name of publisher, distributor, etc অবসর প্রকাশনী,
Date of publication, distribution, etc 2009
300 ## - PHYSICAL DESCRIPTION
Pagination 142 p. :
Dimensions 22 cm.
650 ## - SUBJECT ADDED ENTRY--TOPICAL TERM
Topical term or geographic name as entry element Political Science
942 ## - ADDED ENTRY ELEMENTS (KOHA)
Source of classification or shelving scheme Dewey Decimal Classification
Koha item type Books

No items available.


JCC Library | Contacts | JCC Home

Last Update on 23 September 2017
Copyright @ 2017-2020 JCC Rouf Library
Rouf Library, Jhenidah Cadet College (JCC), Bangladesh